00363nam a2200121Ia 4500008004100000041000800041082001400049100002300063245006000086260003200146300001900178520004400197240719s9999 xx 000 0 und d aeng a828.9 AIY aAiyar Shankar Mani aMemoirs of a Maverick: The First Fifty Years (19411991) aNew DehlibJuggernautc2023 a379.; 22 P. Cm aFaculty Purchase By Dr. Jitendra Sharma